[Event "21st Panam-ch"]
[Site "Mar del Plata ARG"]
[Date "2012.10.19"]
[Round "9.46"]
[White "Benedetti, Julio"]
[Black "Anino, Sergio"]
[Result "1-0"]
[WhiteElo "2117"]
[BlackElo "2226"]
[EventDate "2012.10.12"]
[PlyCount "93"]

1.e4 e5 2.Nf3 Nc6 3.Bb5 Nge7 4.Nc3 d6 5.d4 exd4 6.Nxd4 a6 7.Nxc6 Nxc6 8.
Ba4 b5 9.Qd5 Bb7 10.Bb3 Qd7 11.O-O Na5 12.Qg5 Nxb3 13.axb3 f6 14.Qg3 Kf7 
15.Nd5 Re8 16.f3 c6 17.Nf4 d5 18.exd5 cxd5 19.Nd3 h5 20.h4 Rg8 21.Bd2 Bd6 
22.Bf4 Bxf4 23.Qxf4 Qc8 24.c3 Re2 25.Rfe1 Rge8 26.Rxe2 Rxe2 27.Kf1 Re7 28.
Re1 Rxe1+ 29.Kxe1 Qe6+ 30.Kd2 Qe7 31.b4 Bc8 32.Qb8 Qe6 33.Qc7+ Qd7 34.
Qxd7+ Bxd7 35.Nf4 g6 36.Ke3 Bc8 37.Kd4 Bb7 38.Kc5 g5 39.Kb6 Bc8 40.hxg5 
fxg5 41.Nxh5 Kg6 42.Ng3 Kf6 43.Kc7 Be6 44.Kb7 Ke5 45.Ne2 d4 46.Nxd4 Bc4 
47.g3 1-0

[Event "21st Panam-ch"]
[Site "Mar del Plata ARG"]
[Date "2012.10.19"]
[Round "9.47"]
[White "Contreras Rodriguez, Henry"]
[Black "Cervetto, Esteban"]
[Result "1-0"]
[WhiteElo "2220"]
[BlackElo "2100"]
[EventDate "2012.10.12"]
[PlyCount "99"]

1.e4 e5 2.Nf3 Nc6 3.Bc4 Nf6 4.Ng5 d5 5.exd5 Na5 6.Bb5+ Bd7 7.Qe2 Bd6 8.
Bxd7+ Qxd7 9.Nc3 O-O 10.a3 b6 11.d3 c6 12.b4 Nb7 13.dxc6 Qxc6 14.Nce4 Rfc8
15.c4 b5 16.c5 Bc7 17.Nxf6+ gxf6 18.Qe4 Qxe4+ 19.Nxe4 f5 20.Ng3 f4 21.Nf5 
Re8 22.Bb2 a5 23.Kd2 Nd8 24.g4 Nc6 25.Bc3 Ra6 26.Kc2 Rea8 27.Kb3 axb4 28.
axb4 f6 29.Rxa6 Rxa6 30.f3 Kf7 31.Rd1 Kg6 32.d4 h5 33.h3 hxg4 34.hxg4 exd4
35.Nxd4 Nxd4+ 36.Bxd4 f5 37.Rg1 Ra8 38.gxf5+ Kxf5 39.Rg7 Rc8 40.Kc3 Ke6 
41.Kd3 Kf5 42.Rd7 Bb8 43.Rb7 Rd8 44.Kc3 Kg5 45.Rxb5 Rg8 46.c6+ Kh4 47.Rxb8
Rxb8 48.Be5 Rb6 49.c7 Rc6+ 50.Kd4 1-0

[Event "21st Panam-ch"]
[Site "Mar del Plata ARG"]
[Date "2012.10.19"]
[Round "9.48"]
[White "Crespo, Eugenio"]
[Black "Ferro, Ezequiel"]
[Result "1/2-1/2"]
[WhiteElo "2076"]
[BlackElo "2214"]
[EventDate "2012.10.12"]
[PlyCount "47"]

1.e4 c6 2.d4 d5 3.Nc3 dxe4 4.Nxe4 Bf5 5.Ng3 Bg6 6.h4 h6 7.Nf3 Nd7 8.h5 Bh7
9.Bd3 Bxd3 10.Qxd3 e6 11.Bd2 Ngf6 12.O-O-O Be7 13.Kb1 O-O 14.Ne4 c5 15.g4 
Nxg4 16.Qe2 f5 17.Nxc5 Nxc5 18.dxc5 Qd5 19.Bxh6 Qe4 20.Be3 Bf6 21.Nd2 Qb4 
22.Nb3 Qe4 23.Nd2 Qb4 24.Nb3 1/2-1/2

[Event "21st Panam-ch"]
[Site "Mar del Plata ARG"]
[Date "2012.10.19"]
[Round "9.49"]
[White "Caceres Vasquez, Sergio"]
[Black "Pirola, Marcos"]
[Result "1-0"]
[WhiteElo "2213"]
[BlackElo "2070"]
[EventDate "2012.10.12"]
[PlyCount "83"]

1.d4 d5 2.c4 c6 3.Nf3 Nf6 4.Qc2 e6 5.g3 Be7 6.Bg2 O-O 7.O-O b6 8.Nbd2 Bb7 
9.e4 dxe4 10.Nxe4 Nbd7 11.Rd1 Qc8 12.Bf4 Nxe4 13.Qxe4 c5 14.d5 Re8 15.Qc2 
exd5 16.cxd5 Bf6 17.Ng5 Bxg5 18.Bxg5 f6 19.Bf4 Ne5 20.Bxe5 Rxe5 21.Re1 Qe8
22.Qd2 Rd8 23.Rxe5 Qxe5 24.Re1 Qd6 25.Qc2 Qd7 26.Be4 Kf8 27.Rd1 g6 28.Qc3 
Qd6 29.Bg2 Re8 30.Qd2 Re5 31.h4 Re7 32.h5 f5 33.hxg6 hxg6 34.Bf3 Bc8 35.
Kg2 Kg8 36.Qg5 Ba6 37.Rh1 Bc4 38.Qh6 Bxd5 39.Qh8+ Kf7 40.Rh7+ Ke6 41.Qg8+ 
Kf6 42.Qf8+ 1-0

[Event "21st Panam-ch"]
[Site "Mar del Plata ARG"]
[Date "2012.10.19"]
[Round "9.50"]
[White "Lo Presti, Roberto"]
[Black "Paniagua Chnelik, Sebastian"]
[Result "0-1"]
[WhiteElo "2065"]
[BlackElo "2204"]
[EventDate "2012.10.12"]
[PlyCount "70"]

1.e4 c5 2.Nf3 d6 3.d4 cxd4 4.Nxd4 Nf6 5.Nc3 g6 6.Be3 Bg7 7.f3 O-O 8.Qd2 
Nc6 9.O-O-O Bd7 10.g4 Rc8 11.h4 Bxg4 12.fxg4 Nxg4 13.Nxc6 Rxc6 14.Ne2 Nxe3
15.Qxe3 Qa5 16.Nd4 Rc7 17.Kb1 h5 18.Rh3 Rfc8 19.c4 a6 20.Rg3 b5 21.Rg5 Qb6
22.Nf5 Qxe3 23.Nxe3 bxc4 24.Nd5 Rb7 25.Rg2 Rcb8 26.Bxc4 Rxb2+ 27.Rxb2 
Rxb2+ 28.Kc1 e6 29.Ne7+ Kh7 30.Rxd6 Rb7 31.Nc8 Be5 32.Rd8 Rc7 33.Nd6 Rc6 
34.Ra8 Rxd6 35.Bxa6 Rd4 0-1

[Event "21st Panam-ch"]
[Site "Mar del Plata ARG"]
[Date "2012.10.19"]
[Round "9.53"]
[White "Santopietro, Gerardo"]
[Black "Arcos Facio, Mateo"]
[Result "0-1"]
[WhiteElo "2006"]
[BlackElo "2174"]
[EventDate "2012.10.12"]
[PlyCount "60"]

1.e4 e5 2.Nf3 Nc6 3.Bb5 a6 4.Ba4 Nf6 5.O-O b5 6.Bb3 Be7 7.Re1 d6 8.c3 O-O 
9.h3 Na5 10.Bc2 c5 11.d4 Qc7 12.dxe5 dxe5 13.Nbd2 Be6 14.Ng5 Rad8 15.Nxe6 
fxe6 16.Qe2 c4 17.Nf1 Nb7 18.Be3 Nc5 19.Bxc5 Bxc5 20.b3 Nh5 21.Qxh5 Rxf2 
22.Kh1 Rxc2 23.bxc4 bxc4 24.Ne3 Rxc3 25.Ng4 Qf7 26.Qxe5 Rxh3+ 27.Nh2 Rh5 
28.Qg3 Bf2 29.Qg4 Bxe1 30.Rxe1 Rf8 0-1

[Event "21st Panam-ch"]
[Site "Mar del Plata ARG"]
[Date "2012.10.19"]
[Round "9.54"]
[White "Postolski, Javier"]
[Black "Fiori, Alberto Nicolas"]
[Result "1-0"]
[WhiteElo "2006"]
[BlackElo "2159"]
[EventDate "2012.10.12"]
[PlyCount "65"]

1.e4 e5 2.Nf3 Nc6 3.Bb5 a6 4.Ba4 Nf6 5.Qe2 b5 6.Bb3 Be7 7.c3 O-O 8.O-O d6 
9.h3 Na5 10.Bc2 c5 11.Rd1 Qc7 12.d4 cxd4 13.cxd4 Nc6 14.Nc3 Bb7 15.dxe5 
Nxe5 16.a3 Nxf3+ 17.Qxf3 d5 18.exd5 Nxd5 19.Rxd5 Bxd5 20.Qf5 g6 21.Qxd5 
Rad8 22.Qf3 Qe5 23.Bh6 Rfe8 24.Bb3 Qf6 25.Ne4 Qxf3 26.gxf3 Bh4 27.Re1 Kh8 
28.Bxf7 Re7 29.Ba2 g5 30.Kf1 a5 31.Rc1 b4 32.Nxg5 b3 33.Bxb3 1-0

[Event "21st Panam-ch"]
[Site "Mar del Plata ARG"]
[Date "2012.10.19"]
[Round "9.55"]
[White "Sepulveda Perez, Jorge Eduardo"]
[Black "Souza Neves, Andrey"]
[Result "0-1"]
[WhiteElo "1953"]
[BlackElo "2147"]
[EventDate "2012.10.12"]
[PlyCount "62"]

1.e4 c5 2.Nf3 Nc6 3.d4 cxd4 4.Nxd4 Nf6 5.Nc3 d6 6.Be2 g6 7.Be3 Bg7 8.Qd2 
O-O 9.f3 d5 10.Nxc6 bxc6 11.e5 Ne8 12.Bh6 Bxe5 13.Bxf8 Kxf8 14.Na4 Qc7 15.
Rb1 Kg8 16.g3 h5 17.Bd3 Bh3 18.Bf1 Bc8 19.Bd3 h4 20.f4 Bf6 21.O-O c5 22.
Bxg6 fxg6 23.Qxd5+ Kf8 24.Qxa8 Bd4+ 25.Rf2 Bb7 26.Qxa7 Qc6 27.Kf1 Qh1+ 28.
Ke2 Qxb1 29.Qxb7 Qxc2+ 30.Kf3 Qxf2+ 31.Kg4 Nf6+ 0-1

[Event "21st Panam-ch"]
[Site "Mar del Plata ARG"]
[Date "2012.10.19"]
[Round "9.56"]
[White "Lopez Miller, Indalecio"]
[Black "Avila, Pedro Andres"]
[Result "1-0"]
[WhiteElo "1940"]
[BlackElo "2145"]
[EventDate "2012.10.12"]
[PlyCount "57"]

1.e4 c5 2.Nf3 d6 3.d4 cxd4 4.Nxd4 Nf6 5.Nc3 a6 6.a4 b6 7.Bd3 Bb7 8.O-O e6 
9.f4 Nbd7 10.Be3 Rc8 11.Qf3 Be7 12.Kh1 O-O 13.Qh3 Rxc3 14.bxc3 g6 15.Rae1 
Nc5 16.e5 Ne8 17.a5 b5 18.c4 b4 19.Nb3 Nxd3 20.cxd3 dxe5 21.Bb6 Qd7 22.Nc5
Qc8 23.Nxb7 Qxb7 24.fxe5 Ng7 25.d4 Rc8 26.Qb3 Nf5 27.Rf3 Qc6 28.d5 Qd7 29.
d6 1-0

[Event "21st Panam-ch"]
[Site "Mar del Plata ARG"]
[Date "2012.10.19"]
[Round "9.57"]
[White "Arango, Andres Mauricio"]
[Black "Evans, Pablo"]
[Result "1/2-1/2"]
[WhiteElo "2140"]
[BlackElo "2017"]
[EventDate "2012.10.12"]
[PlyCount "70"]

1.e4 b6 2.d4 Bb7 3.Nc3 e6 4.Bd3 Bb4 5.Ne2 Nf6 6.e5 Ne4 7.O-O Nxc3 8.bxc3 
Ba5 9.Ba3 Qg5 10.f3 h5 11.Rf2 Nc6 12.f4 Qh6 13.f5 exf5 14.Bxf5 g5 15.Be4 
h4 16.Bd5 Rh7 17.Qd3 O-O-O 18.Bxf7 g4 19.Bc1 Qg7 20.Bg6 g3 21.Rf7 gxh2+ 
22.Kxh2 Qxf7 23.Bxf7 Rxf7 24.Be3 Rg8 25.Rg1 Ne7 26.Nf4 Rg3 27.Qc4 Rf8 28.
Bd2 Bxc3 29.Bxc3 Rxf4 30.e6 Rfg4 31.exd7+ Kxd7 32.Be1 Bd5 33.Qa4+ Bc6 34.
Qb4 Rg5 35.Bxg3 hxg3+ {Ilegible} 1/2-1/2

[Event "21st Panam-ch"]
[Site "Mar del Plata ARG"]
[Date "2012.10.19"]
[Round "9.58"]
[White "Saitta, Jorge"]
[Black "Borja Avila, Raul"]
[Result "0-1"]
[WhiteElo "1847"]
[BlackElo "2140"]
[EventDate "2012.10.12"]
[PlyCount "114"]

1.e4 c6 2.d4 d5 3.exd5 cxd5 4.c4 Nf6 5.Nc3 e6 6.Nf3 a6 7.a3 dxc4 8.Bxc4 b5
9.Ba2 Bb7 10.O-O h6 11.Re1 Be7 12.h3 O-O 13.Ne5 Nc6 14.Be3 Rc8 15.f4 Qd6 
16.Qd2 Rfd8 17.Rad1 Bf8 18.Bf2 b4 19.axb4 Nxb4 20.Nxf7 Kxf7 21.Rxe6 Qxe6 
22.Bxe6+ Kxe6 23.Bh4 Kf7 24.g4 Rd7 25.g5 Ne4 26.Qe2 Re8 27.Qg4 Rde7 28.g6+
Kg8 29.Bxe7 Rxe7 30.Qf5 Nf6 31.d5 Kh8 32.d6 Re8 33.Qc5 Bf3 34.Rd2 Nc6 35.
Kh2 Nd7 36.Qc4 Nd8 37.Qxa6 Ne6 38.b4 Rd8 39.Kg3 Bh1 40.Rd1 Ba8 41.Nb5 Be4 
42.Re1 Ra8 43.Na7 Nf6 44.Kh2 Rd8 45.Nc8 Nxf4 46.b5 N4d5 47.b6 Nxb6 48.Qxb6
Rxc8 49.d7 Nxd7 50.Qb5 Nf6 51.Kg3 Bxg6 52.Kf4 Bd6+ 53.Kf3 Rc3+ 54.Kg2 Rg3+
55.Kf2 Rg5 56.Qc6 Bg3+ 57.Kf1 Rf5+ 0-1

[Event "21st Panam-ch"]
[Site "Mar del Plata ARG"]
[Date "2012.10.19"]
[Round "9.59"]
[White "Oliveira, Francemir Barra de"]
[Black "Fernandez, Maria Florencia"]
[Result "0-1"]
[WhiteElo "1799"]
[BlackElo "2138"]
[EventDate "2012.10.12"]
[PlyCount "106"]

1.e4 c5 2.Nf3 d6 3.d4 cxd4 4.Nxd4 Nf6 5.Nc3 g6 6.Bc4 Bg7 7.h3 O-O 8.Be3 
Nc6 9.Nde2 Bd7 10.a3 a6 11.Qd2 b5 12.Ba2 Rb8 13.Bh6 a5 14.Bxg7 Kxg7 15.f3 
Qb6 16.g4 Ne5 17.Ng1 Qxg1+ 18.Rxg1 Nxf3+ 19.Ke2 Nxd2 20.Kxd2 b4 21.axb4 
axb4 22.Nd5 Nxe4+ 23.Ke3 Nc5 24.Raf1 Bc6 25.Kd2 b3 26.Nxe7 Bb5 27.cxb3 
Bxf1 28.Rxf1 Ra8 29.Bb1 Nxb3+ 30.Kc3 Rfe8 31.Nd5 Rab8 32.Rf3 Rec8+ 33.Kd3 
Nc1+ 34.Kd4 Rxb2 35.Bd3 Rb3 36.Re3 Rxd3+ 37.Rxd3 Nxd3 38.Kxd3 Rc1 39.g5 
Rh1 40.Nf6 Rxh3+ 41.Kc4 Re3 42.Kd5 Re5+ 43.Kxd6 Re6+ 44.Kd5 Rxf6 45.gxf6+ 
Kxf6 46.Ke4 g5 47.Kf3 h5 48.Kg2 Kf5 49.Kf3 g4+ 50.Kg3 h4+ 51.Kg2 Kf4 52.
Kf2 g3+ 53.Kg2 h3+ 0-1

[Event "21st Panam-ch"]
[Site "Mar del Plata ARG"]
[Date "2012.10.19"]
[Round "9.60"]
[White "Teixeira, Ricardo da Silva"]
[Black "Brizzi, Victor Emmanuel"]
[Result "0-1"]
[WhiteElo "2276"]
[BlackElo "1930"]
[EventDate "2012.10.12"]
[PlyCount "89"]

1.e4 c5 2.Nf3 g6 3.d4 cxd4 4.Nxd4 Nc6 5.c4 Nf6 6.Nc3 Nxd4 7.Qxd4 d6 8.Bg5 
Bg7 9.f3 O-O 10.Qd2 a5 11.Rd1 a4 12.Be2 Qa5 13.O-O Bd7 14.Bxf6 Bxf6 15.Nd5
Kg7 16.Nxf6 Qc5+ 17.Qd4 Qxd4+ 18.Rxd4 Kxf6 19.c5 Rfc8 20.cxd6 Rc2 21.dxe7 
Kxe7 22.Bc4 Rc8 23.b3 b5 24.Bd5 Rxa2 25.bxa4 Rb2 26.e5 Rcc2 27.f4 bxa4 28.
Ra1 a3 29.Be4 Rc3 30.Bd5 Be6 31.Bxe6 Kxe6 32.Ra4 Rcc2 33.R4xa3 Rxg2+ 34.
Kh1 Rxh2+ 35.Kg1 h5 36.Ra6+ Kf5 37.Rf6+ Kg4 38.e6 fxe6 39.Rxg6+ Kf5 40.Rh6
h4 41.Ra5+ Kg4 42.Rxe6 Rhc2 43.Rg6+ Kxf4 44.Kh1 Rh2+ 45.Kg1 0-1

[Event "21st Panam-ch"]
[Site "Mar del Plata ARG"]
[Date "2012.10.19"]
[Round "9.62"]
[White "Restuccia, Francisco"]
[Black "Arias, Juan Cruz"]
[Result "0-1"]
[WhiteElo "2118"]
[BlackElo "1899"]
[EventDate "2012.10.12"]
[PlyCount "64"]

1.e4 e6 2.d4 d5 3.Nd2 Nf6 4.e5 Nfd7 5.f4 c5 6.Ngf3 Nc6 7.Nb3 f6 8.c4 dxc4 
9.Bxc4 Nb6 10.Bb5 c4 11.Na5 Qd5 12.a4 Bd7 13.Nxb7 Nb4 14.Nd6+ Bxd6 15.
Bxd7+ Nxd7 16.exd6 Nd3+ 17.Kf1 O-O 18.Be3 e5 19.Qd2 Rab8 20.Rb1 Qe4 21.Bf2
Rb3 22.dxe5 fxe5 23.h4 Rfb8 24.Ng5 Qd5 25.Nh3 Rxb2 26.Rxb2 Rxb2 27.Qd1 Qb7
28.Qg4 Rb1+ 29.Ke2 Qe4+ 30.Kd2 Rb2+ 31.Kc3 Rc2+ 32.Kxc2 Nxf2+ 0-1

[Event "21st Panam-ch"]
[Site "Mar del Plata ARG"]
[Date "2012.10.19"]
[Round "9.64"]
[White "Monteiro, Marcos Paul de Souza"]
[Black "Espindola, Juan Carlos"]
[Result "1-0"]
[WhiteElo "2040"]
[BlackElo "1891"]
[EventDate "2012.10.12"]
[PlyCount "105"]

1.d4 d6 2.c4 Nf6 3.Nc3 Nbd7 4.e4 e5 5.d5 Nc5 6.Bd3 a5 7.Nge2 Be7 8.O-O 
Nfd7 9.Na4 O-O 10.a3 Nxa4 11.Qxa4 Nc5 12.Qd1 a4 13.Bc2 Bd7 14.Nc3 Bg5 15.
Qh5 Bxc1 16.Raxc1 h6 17.f4 exf4 18.Rxf4 Qg5 19.Qf3 Qe5 20.Rf1 f6 21.h4 
Rae8 22.Kh1 Re7 23.Kg1 Qd4+ 24.Kh1 Re5 25.Qg3 Qxc4 26.Rxf6 Qxf1+ 27.Rxf1 
Rxf1+ 28.Kh2 g5 29.Qe3 Kg7 30.Qe2 Rf4 31.g3 Rg4 32.h5 c6 33.Qf3 Re7 34.
dxc6 bxc6 35.Qd1 Nb7 36.Qd4+ Re5 37.Bd1 c5 38.Qc4 Nd8 39.Bxg4 Bxg4 40.Qxa4
Bf3 41.Qd7+ Nf7 42.a4 g4 43.a5 Rxh5+ 44.Kg1 Rh1+ 45.Kf2 Rh2+ 46.Ke3 Rxb2 
47.a6 Rb3 48.Kd2 Ra3 49.a7 d5 50.exd5 Kf6 51.Qc6+ Ke5 52.Qe6+ Kd4 53.Nb5+ 
1-0

[Event "21st Panam-ch"]
[Site "Mar del Plata ARG"]
[Date "2012.10.19"]
[Round "9.65"]
[White "Sperb, Eduardo Quintana"]
[Black "Bilbao, Guillermo"]
[Result "1-0"]
[WhiteElo "2040"]
[BlackElo "1890"]
[EventDate "2012.10.12"]
[PlyCount "127"]

1.d4 Nf6 2.e3 g6 3.f4 Bg7 4.Bd3 O-O 5.Nf3 d6 6.O-O b6 7.f5 Ba6 8.Bxa6 Nxa6
9.fxg6 hxg6 10.c3 c5 11.Qe1 e6 12.Ng5 Nh7 13.Nxh7 Kxh7 14.Nd2 cxd4 15.exd4
Bh6 16.Rf3 Kg7 17.b3 Nc7 18.Ne4 Bxc1 19.Qxc1 f5 20.Ng5 e5 21.Rh3 Rh8 22.
Rxh8 Qxh8 23.dxe5 dxe5 24.Qe3 Re8 25.Rd1 Re7 26.Nf3 Qe8 27.Nh4 Re6 28.Qg5 
Qf7 29.Nxf5+ Qxf5 30.Qxf5 gxf5 31.Rd7+ Kf6 32.Rxc7 a5 33.Kf2 e4 34.c4 Rd6 
35.Ke2 Kg5 36.g3 Kf6 37.Rh7 Ke5 38.Rh5 Rg6 39.Ke3 Rd6 40.Ke2 a4 41.g4 Kf4 
42.Rxf5+ Kxg4 43.Rb5 Kf4 44.h4 e3 45.bxa4 Rd2+ 46.Ke1 Rxa2 47.Rxb6 Rxa4 
48.c5 Kf3 49.Rf6+ Ke4 50.c6 Kd3 51.Rd6+ Ke4 52.h5 Ra1+ 53.Ke2 Ra2+ 54.Ke1 
Rh2 55.c7 Rc2 56.Rd7 Rc1+ 57.Ke2 Rc2+ 58.Kf1 Kf3 59.Rf7+ Ke4 60.h6 Rc1+ 
61.Kg2 e2 62.Re7+ Kf4 63.h7 Rxc7 64.Re4+ 1-0

[Event "21st Panam-ch"]
[Site "Mar del Plata ARG"]
[Date "2012.10.19"]
[Round "9.66"]
[White "Hernandez Amura, Gilberto"]
[Black "Morelli, Nicolas"]
[Result "1-0"]
[WhiteElo "1851"]
[BlackElo "2036"]
[EventDate "2012.10.12"]
[PlyCount "59"]

1.e4 e5 2.Nf3 Nc6 3.Bb5 a6 4.Ba4 f5 5.exf5 e4 6.Qe2 Qe7 7.Bxc6 dxc6 8.Nd4 
Nf6 9.O-O c5 10.Nb3 Bxf5 11.Nc3 O-O-O 12.Re1 Qd7 13.f3 exf3 14.Qxf3 Bg4 
15.Qf2 Re8 16.Rxe8+ Qxe8 17.d3 Bd6 18.Bf4 Rf8 19.Bxd6 cxd6 20.Re1 Qd8 21.
Qg3 Bf5 22.d4 c4 23.Nd2 Nh5 24.Qe3 b5 25.Qf3 Qf6 26.Qa8+ Kd7 27.Qb7+ Kd8 
28.Qb6+ Kd7 29.Nd5 Rc8 30.Qb7+ 1-0

[Event "21st Panam-ch"]
[Site "Mar del Plata ARG"]
[Date "2012.10.19"]
[Round "9.67"]
[White "Etchevest, Marcelo"]
[Black "Heinecke, Lucas"]
[Result "0-1"]
[WhiteElo "1744"]
[BlackElo "1978"]
[EventDate "2012.10.12"]
[PlyCount "56"]

1.e4 c5 2.Nf3 d6 3.c3 Nf6 4.Be2 g6 5.O-O Bg7 6.d3 O-O 7.Be3 Nc6 8.h3 b6 9.
Qa4 Qd7 10.Nbd2 Bb7 11.Nh2 d5 12.Ng4 Nxg4 13.Bxg4 Qd6 14.exd5 Qxd5 15.Bf3 
Qd7 16.Rad1 Rad8 17.Nb3 Nd4 18.Nxc5 Nxf3+ 19.gxf3 bxc5 20.Qxd7 Rxd7 21.
Bxc5 Bxf3 22.Rd2 Rfd8 23.Re1 e5 24.b4 a6 25.Bb6 Rxd3 26.Rc2 Rd1 27.Bxd8 
Rxe1+ 28.Kh2 e4 0-1

[Event "21st Panam-ch"]
[Site "Mar del Plata ARG"]
[Date "2012.10.19"]
[Round "9.68"]
[White "Bulgarini Torre, Marco"]
[Black "Freitas, Julio Eimard de"]
[Result "1-0"]
[WhiteElo "1977"]
[BlackElo "1882"]
[EventDate "2012.10.12"]
[PlyCount "78"]

1.e4 c5 2.Nc3 Nc6 3.g3 g6 4.Bg2 Bg7 5.d3 d6 6.Nh3 e6 7.O-O Nge7 8.Be3 Bd7 
9.Qd2 h5 10.f4 Qa5 11.a3 Bd4 12.Nf2 e5 13.Rfb1 b5 14.b4 cxb4 15.axb4 Qb6 
16.Nfd1 h4 17.Qf2 hxg3 18.hxg3 Bg4 19.Bxd4 Nxd4 20.Ne3 Be6 21.f5 Bd7 22.
Ncd5 Nxd5 23.Nxd5 Qd8 24.c3 Nc6 25.fxg6 fxg6 26.Rf1 Be6 27.Ra6 Rc8 28.Qf6 
Qxf6 29.Rxf6 Bxd5 30.exd5 Ne7 31.Rxa7 Rxc3 32.Re6 Rh7 33.Be4 Rc1+ 34.Kg2 
Rc2+ 35.Kf3 Rf7+ 36.Kg4 Kf8 37.Rxd6 Rb2 38.Re6 Rxb4 39.d6 Rd4 1-0

[Event "21st Panam-ch"]
[Site "Mar del Plata ARG"]
[Date "2012.10.19"]
[Round "9.69"]
[White "Maldonado, Federico"]
[Black "Argote Heredia, Valentina"]
[Result "1-0"]
[WhiteElo "1973"]
[BlackElo "1856"]
[EventDate "2012.10.12"]
[PlyCount "46"]

1.d4 Nf6 2.c4 e6 3.Nc3 Bb4 4.Qc2 b6 5.Bg5 Bb7 6.a3 Bxc3+ 7.Qxc3 h6 8.Bh4 
d6 9.e3 g5 10.Bg3 Ne4 11.Qc2 a5 12.f3 Nxg3 13.hxg3 Nd7 14.Ne2 Nf6 15.Nc3 
g4 16.Be2 gxf3 17.Bxf3 Bxf3 18.gxf3 Rg8 19.Ne4 Nxe4 20.Qxe4 Rxg3 21.Rxh6 
Kd7 22.O-O-O Qg8 23.Rh7 Rg7 1-0

[Event "21st Panam-ch"]
[Site "Mar del Plata ARG"]
[Date "2012.10.19"]
[Round "9.70"]
[White "Ayala, Gustavo"]
[Black "Besso, Javier Alejandro"]
[Result "1-0"]
[WhiteElo "1955"]
[BlackElo "1751"]
[EventDate "2012.10.12"]
[PlyCount "69"]

1.e4 c5 2.f4 Nc6 3.Nf3 e6 4.g3 d6 5.Bg2 g6 6.O-O Bg7 7.c3 Nge7 8.Na3 O-O 
9.Nc2 Rb8 10.d4 cxd4 11.cxd4 d5 12.e5 b5 13.b3 a5 14.g4 b4 15.Be3 Ba6 16.
Re1 Rc8 17.Bf2 Na7 18.Bh4 Qd7 19.a4 Rc3 20.Ne3 Rfc8 21.Bxe7 Qxe7 22.f5 
gxf5 23.gxf5 Bh6 24.Ng4 Bf4 25.Nf6+ Kh8 26.h4 Rc1 27.Rxc1 Rxc1 28.Qxc1 
Bxc1 29.Rxc1 exf5 30.Nxd5 Qe6 31.Ng5 Qg6 32.Rc7 Qh5 33.Nxf7+ Kg7 34.Ng5+ 
Kh6 35.Rxh7+ 1-0

[Event "21st Panam-ch"]
[Site "Mar del Plata ARG"]
[Date "2012.10.19"]
[Round "9.73"]
[White "Alvarez, Agustin"]
[Black "Barea, Luis"]
[Result "0-1"]
[WhiteElo "1863"]
[BlackElo "2245"]
[EventDate "2012.10.12"]
[PlyCount "86"]

1.e4 e6 2.d3 c5 3.Nf3 Nc6 4.g3 d5 5.Qe2 Nf6 6.Bg2 Be7 7.O-O b6 8.e5 Nd7 9.
c4 d4 10.h4 Rb8 11.Re1 Bb7 12.Bf4 h6 13.h5 Nf8 14.Nbd2 g5 15.hxg6 Nxg6 16.
Nf1 Nxf4 17.gxf4 h5 18.Kh2 Kd7 19.f5 Qg8 20.f6 Bd8 21.N1d2 Bc7 22.Rg1 Qg4 
23.Rae1 Qf4+ 24.Kh1 Rbg8 25.Qe4 Qh6 26.Nf1 Rg4 27.Qe2 h4 28.N3h2 Rxg2 29.
Rxg2 Nxe5 30.f3 Qxf6 31.Nd2 Ng6 32.Ne4 Qe7 33.Qd2 Bf4 34.Qd1 Kc8 35.a4 Ne5
36.a5 f5 37.Ng5 h3 38.Rgg1 Rh5 39.axb6 axb6 40.Nxe6 Qxe6 41.Qe2 Rh8 42.Qf1
Qd6 43.Qe2 Bxh2 0-1

[Event "21st Panam-ch"]
[Site "Mar del Plata ARG"]
[Date "2012.10.19"]
[Round "9.74"]
[White "Arias, Juan Carlos"]
[Black "Brizzi, Milagros Tatiana"]
[Result "1/2-1/2"]
[WhiteElo "2215"]
[BlackElo "1839"]
[EventDate "2012.10.12"]
[PlyCount "52"]

1.d4 d5 2.Nf3 Nf6 3.c4 c6 4.e3 e6 5.b3 b6 6.Bd3 Bb7 7.O-O dxc4 8.bxc4 c5 
9.Bb2 Nbd7 10.Nbd2 Be7 11.Rc1 Qc7 12.Ne5 cxd4 13.Nxd7 Qxd7 14.exd4 O-O 15.
Re1 Rac8 16.Re3 Rfd8 17.Qe2 b5 18.c5 a6 19.Nf3 Ng4 20.Re4 Bxe4 21.Bxe4 Nf6
22.Ne5 Qc7 23.Bb1 Nd5 24.Bxh7+ Kxh7 25.Qh5+ Kg8 26.Qxf7+ Kh7 1/2-1/2

[Event "21st Panam-ch"]
[Site "Mar del Plata ARG"]
[Date "2012.10.19"]
[Round "9.75"]
[White "Curotto, Nicolas"]
[Black "Baeta, Marcio Netto"]
[Result "0-1"]
[WhiteElo "1859"]
[BlackElo "2101"]
[EventDate "2012.10.12"]
[PlyCount "82"]

1.e4 Nf6 2.Nc3 d5 3.exd5 Nxd5 4.Nxd5 Qxd5 5.d4 Nc6 6.Nf3 Bg4 7.Be2 O-O-O 
8.Be3 e5 9.dxe5 Bxf3 10.Bxf3 Qa5+ 11.Bd2 Qxe5+ 12.Qe2 Qxb2 13.O-O Nd4 14.
Bg4+ f5 15.Bxf5+ Nxf5 16.Qe6+ Kb8 17.Bg5 Nd4 18.Qe4 Qxc2 19.Qxc2 Nxc2 20.
Bxd8 Nxa1 21.Rxa1 Bc5 22.Bh4 Re8 23.Rd1 Bd6 24.Kf1 h6 25.f3 Bxh2 26.Rd7 
Be5 27.Bf2 Kc8 28.Rd1 Bf6 29.Rc1 b6 30.Rc4 Kb7 31.a4 c5 32.Rc1 Kc6 33.f4 
Re4 34.a5 Rxf4 35.Ke2 Ra4 36.axb6 axb6 37.Be3 Bd4 38.Bd2 c4 39.Kd1 b5 40.
Rb1 c3 41.Be1 Ra2 0-1

[Event "21st Panam-ch"]
[Site "Mar del Plata ARG"]
[Date "2012.10.19"]
[Round "9.76"]
[White "Speranza, Mariano"]
[Black "Fonseca, Luis Ernesto Serra"]
[Result "1-0"]
[WhiteElo "1851"]
[BlackElo "2096"]
[EventDate "2012.10.12"]
[PlyCount "85"]

1.e4 c5 2.Nf3 d6 3.d4 cxd4 4.Nxd4 Nf6 5.Nc3 g6 6.Bc4 Bg7 7.f3 Qb6 8.Nb3 a5
9.Qe2 a4 10.Be3 Qb4 11.a3 axb3 12.axb4 Rxa1+ 13.Nd1 bxc2 14.Qxc2 Bd7 15.b5
O-O 16.O-O Rc8 17.Qd3 Be8 18.Bd4 Nfd7 19.Bxg7 Kxg7 20.f4 Kg8 21.Nc3 Rxf1+ 
22.Kxf1 Nb6 23.Ba2 N8d7 24.b4 Ra8 25.Bd5 Ra3 26.Qc2 Ra7 27.Bb3 Nf6 28.Kf2 
Ra8 29.Kf3 Rc8 30.Qd2 Bd7 31.h3 Rc7 32.g4 Be6 33.Bxe6 fxe6 34.g5 Ne8 35.
Qd4 Nd7 36.Kg4 Ng7 37.Na4 Kf8 38.Qa7 Kf7 39.b6 Rc4 40.Qxb7 Rxb4 41.Qxd7 
Rb3 42.Qc7 Nh5 43.Nc3 1-0

[Event "21st Panam-ch"]
[Site "Mar del Plata ARG"]
[Date "2012.10.19"]
[Round "9.77"]
[White "Judewicz, Alejandro"]
[Black "March, Diego"]
[Result "1/2-1/2"]
[WhiteElo "2084"]
[BlackElo "1822"]
[EventDate "2012.10.12"]
[PlyCount "93"]

1.e4 c5 2.Nf3 Nc6 3.d4 cxd4 4.Nxd4 g6 5.Be3 Bg7 6.Nc3 Nf6 7.Bc4 O-O 8.O-O 
d6 9.h3 Nd7 10.Nxc6 bxc6 11.Qd2 Nb6 12.Be2 Re8 13.Bh6 Bh8 14.Rad1 Be6 15.
b3 Nd7 16.Be3 Qa5 17.Bd4 Bxd4 18.Qxd4 Qc5 19.Qxc5 Nxc5 20.f4 f5 21.Bf3 
fxe4 22.Nxe4 Nxe4 23.Bxe4 d5 24.Bd3 Kf7 25.Rfe1 Bd7 26.Ba6 Rab8 27.Rd4 Kf6
28.Re5 Rb6 29.Be2 a5 30.Bg4 Bxg4 31.hxg4 Rb4 32.c3 Rxd4 33.cxd4 Rb8 34.f5 
Rb4 35.Re6+ Kf7 36.Rxc6 a4 37.Ra6 axb3 38.axb3 Rxd4 39.Ra4 Rd3 40.Rb4 Kf6 
41.Rb7 Rg3 42.Rb6+ Kf7 43.Rb4 Kf6 44.Kf2 Rd3 45.Ke2 Rg3 46.Kf2 Rd3 47.Ke2 
1/2-1/2

[Event "21st Panam-ch"]
[Site "Mar del Plata ARG"]
[Date "2012.10.19"]
[Round "9.80"]
[White "Jorquera Alfaro, Mauricio"]
[Black "Figar, Nicolas"]
[Result "1-0"]
[WhiteElo "2036"]
[BlackElo "1802"]
[EventDate "2012.10.12"]
[PlyCount "83"]

1.d4 Nf6 2.c4 g6 3.Nc3 Bg7 4.e4 d6 5.Be2 O-O 6.Nf3 e5 7.O-O Nc6 8.d5 Ne7 
9.Ne1 Nd7 10.Be3 f5 11.f3 f4 12.Bf2 g5 13.Rc1 Ng6 14.Nd3 Nf6 15.c5 Rf7 16.
cxd6 cxd6 17.Qc2 g4 18.Nb5 gxf3 19.Bxf3 Ne8 20.Nxa7 Bd7 21.a4 Nh4 22.Bh5 
Rf8 23.Nb5 Nxg2 24.Bf3 Nh4 25.Bxh4 Qxh4 26.b3 Rf6 27.Qf2 Rg6+ 28.Kh1 Qd8 
29.Bh5 Bxb5 30.axb5 Rh6 31.Bg4 Nc7 32.b6 Nb5 33.Be6+ Kh8 34.Rg1 Qh4 35.
Qxh4 Rxh4 36.Rc7 Bf6 37.Rxb7 Nd4 38.Ra7 Rb8 39.b7 Nxe6 40.Ra8 Nd8 41.Rxb8 
Rh3 42.Rxd8+ 1-0

[Event "21st Panam-ch"]
[Site "Mar del Plata ARG"]
[Date "2012.10.19"]
[Round "9.81"]
[White "Heinecke, Victor"]
[Black "Rodriguez, Carolina"]
[Result "0-1"]
[WhiteElo "2025"]
[BlackElo "1776"]
[EventDate "2012.10.12"]
[PlyCount "122"]

1.e4 c5 2.Nc3 d6 3.g3 g6 4.Bg2 Bg7 5.d3 Nc6 6.Be3 Rb8 7.Qd2 e6 8.Nge2 Nd4 
9.O-O h6 10.Nd1 Ne7 11.Nc1 b5 12.c3 Ndc6 13.Ne2 b4 14.d4 bxc3 15.bxc3 Qa5 
16.Re1 cxd4 17.Nxd4 Ne5 18.Nb2 Ng4 19.Nc4 Qc7 20.Bf1 a6 21.Rad1 Nxe3 22.
Rxe3 O-O 23.Qc2 d5 24.Na3 dxe4 25.c4 Bxd4 26.Rxd4 Nf5 27.Rdxe4 Nxe3 28.
Rxe3 Rd8 29.Bd3 Qd6 30.Nb1 Qb4 31.Bxg6 Qxb1+ 32.Qxb1 Rxb1+ 33.Bxb1 Rd1+ 
34.Kg2 Rxb1 35.Rd3 Bb7+ 36.Kh3 Rc1 37.Rb3 Bc6 38.Rb6 Rxc4 39.Rxa6 Bd5 40.
f4 Kg7 41.a4 h5 42.Ra5 Kg6 43.Kh4 Bf3 44.h3 Bd1 45.Ra6 Rxa4 46.Rd6 Be2 47.
Rd2 Re4 48.Rc2 e5 49.Rc6+ Kf5 50.Rc5 f6 51.g4+ hxg4 52.fxe5 fxe5 53.hxg4+ 
Rxg4+ 54.Kh3 Kf4 55.Rc2 Bf3 56.Rc4+ e4 57.Rc8 Rg1 58.Rf8+ Ke3 59.Rb8 Kf2 
60.Rb2+ Be2 61.Kh4 e3 0-1